000 00366nam a2200157Ia 4500
008 151213s9999 xx 000 0 und d
100 _aE.PG.Gohl
245 _aTextile Science
_cE.PG.Gohl
250 _a3rd
260 _aNew Delhi
_bC B S
_c1983
300 _a8617 p.
650 _aTextile
650 _aTextile Engineering
700 _aE.PG.Gohl
999 _c4407
_d4407